Iron and steel industry / (Record no. 2025)

000 -LEADER
fixed length control field 00431nam a22001577a 4500
008 - FIXED-LENGTH DATA ELEMENTS--GENERAL INFORMATION
fixed length control field 200211b ||||| |||| 00| 0 eng d
041 0# - LANGUAGE CODE
Language code of text/sound track or separate title eng
082 00 - DEWEY DECIMAL CLASSIFICATION NUMBER
Classification number 672
Item number B87717
100 ## - MAIN ENTRY--PERSONAL NAME
9 (RLIN) 1624
Personal name Brown, G.
245 10 - TITLE STATEMENT
Title Iron and steel industry /
260 ## - PUBLICATION, DISTRIBUTION, ETC. (IMPRINT)
Place of publication, distribution, etc London :
Name of publisher, distributor, etc Sir Isaac Pitman & Sons ltd,
Date of publication, distribution, etc 1940.
300 ## - PHYSICAL DESCRIPTION
Extent xi,122p.
650 #0 - SUBJECT ADDED ENTRY--TOPICAL TERM
Topical term or geographic name as entry element Steel Metallurgy
700 ## - ADDED ENTRY--PERSONAL NAME
9 (RLIN) 5838
Personal name Orford A. L.
942 ## - ADDED ENTRY ELEMENTS (KOHA)
Item type Books
Holdings
Withdrawn status Lost status Source of classification or shelving scheme Damaged status Not for loan Permanent location Current location Date acquired Source of acquisition Full call number Barcode Date last seen Koha item type
          IMU Kolkata IMU Kolkata 1953-03-17 A. H. Wheeler 672 B87717 01695 2020-02-11 Books
          IMU Kolkata IMU Kolkata 1953-03-17 A. H. Wheeler 672 B87717 01696 2020-02-11 Books
Designed and Maintained by IMU-KC Library, Kolkata Campus © Copyright All Rights Reserved

webs counters

Powered by Koha